000 00900cas a22002897a 4500
005 20220329142045.0
008 990504d uk fr pernn 0 uub1eng d
010 _a77736
011 _a78708
035 _a88727
245 0 0 _aAnnual Review in Automatic Programming
260 0 _aElmsford, N.Y.
_bPergamon Press,
_c1965-
300 _av.
310 _aSemestral
362 _av.7 n.3, 1973
500 _aSe dejó de recibir a partir del v.13, 1979.
590 _aBATCH-UPD
_b10
_c20130110
_lUCH01
_h0503
590 _aBATCH-UPD
_b10
_c20130410
_lUCH01
_h0141
590 _aBATCH-UPD
_b10
_c20130914
_lUCH01
_h1943
590 _aCONVERSION
_b10
_c20130109
_lUCH01
_h1343
650 1 4 _aProgramación
_xPublicaciones periódicas.
_992367
866 _av.13 (1979)
866 _av.5 n.1-2 (1969)
866 _av.7 n.2-3 (1973)
901 _aSE
905 _aMa. del Socorro Iturbe C.
999 _c77736
_d77736